000 00322nam a2200133Ia 4500
008 230312s9999||||xx |||||||||||||| ||und||
020 _a978-1292-062815
082 _a657
_bATR-A
100 _aAtrill;Peter
245 0 _aAccounting and Finance for Non- Specialists
300 _a576
650 _aManagement
942 _cBK
999 _c14851
_d14851